| 000 | 00577nam a22001217a 4500 | ||
|---|---|---|---|
| 999 |
_c21556 _d21556 |
||
| 008 | 240912b ||||| |||| 00| 0 eng d | ||
| 100 |
_aFiguracion, Carolyn E. _eauthor. _960823 |
||
| 245 |
_aProject laipse (localization and assimilation of insights, perceptions and shared experience) : _bbasis for the enhancement of journalistic competence / _cCarolyn E. Figuracion. |
||
| 260 |
_aPhilippines; _bPublishers Association of the Philippines, Inc., _cJanuary 2020. |
||
| 300 | _aVolume 168, pages 281-283. | ||
| 700 |
_aFiguracion, Carolyn E. _eauthor. _960823 |
||
| 942 |
_2ddc _cPER |
||